MDQL
is popping MORE tags! Check the
thread
!
Quizzes
Events
Quiz Creation
Community
Videos
Private Events
Remove Ads
Sign In
Join for FREE
Feedback
Dark Mode
Quiz Categories
Sports
Geography
Music
Movies
Television
Just For Fun
Miscellaneous
History
Literature
Language
Science
Gaming
Entertainment
Religion
Holiday
For Kids
Quiz Lab
Recent
Popular Today
Quiz Kudos Today
Editor Picks
Curator Picks
Quizzes by...
Day
Popularity
Type
Ratings
Length
Year
Community
Subscriptions
Recent Discussions
Orange Saloon
Badges
Playlists
Quests
Create
Leaderboards
Showdown
Live 5
Trivia Bingo
Activity
Puzzle Library
Sporcle Events
Private Events
Virtual Trivia
Globe League
Become a Host
Pub Owners
SporcleCon
Opinionation
Our Games
Videos
Blog
Mobile Apps
Partnerships
Remove Ads and Go Orange
Feedback
Geography
Country
Landmarks
City
State
Population
World
Capital
Continent
Flags
Europe
Africa
Asia
South America
North America
Oceania
Border
Canada
United Kingdom
Topography
United States
Geography
Country
Landmarks
City
State
Population
World
Capital
Continent
Flags
Europe
Africa
Asia
South America
North America
Oceania
Border
Canada
United Kingdom
Topography
United States
Random Quiz
Search Sporcle
×
Quiz Lab
Quiz Lab
Geography
Country
Type in answers that appear in a list
Type in answers that appear in a list
Classic
Best Score? Go Orange.
Countries with new names Stats
Can you name the Countries who have changed their names in the past 100 years?
By
sjf6
10m
70 Questions
132 Plays
132 Plays
132 Plays
Comments
Comments
Give Quiz Kudos
Give Quiz Kudos
-
- Ratings
hide this ad
Replay
Link that replays current quiz
Next Quiz
Link to next quiz in quiz playlist
You Got
0%
They Got
Avg Score
69%
Avg Friend Score
Upgrade to see
Score Distribution
Jump to the score distribution portion of the page
Score
0/70
Timer
10:00
0
Plays Today
Year
Country
% Correct
2006*
Serbia
89.6%
2011*
South Sudan
89.6%
1991*
Estonia
89.6%
1991*
Latvia
89.6%
2006*
Montenegro
88.8%
1991*
Lithuania
88.8%
1991*
Belarus
88%
1997
Democratic Republic of the Congo
87.2%
1992*
Macedonia
86.4%
1991*
Kazakhstan
86.4%
1991*
Turkmenistan
85.6%
1992*
Bosnia and Herzegovina
84.8%
2008*
Kosovo
84.8%
1991*
Russia
84.8%
1991*
Tajikistan
84.8%
1991*
Ukraine
84.8%
1992*
Slovenia
84%
1991*
Georgia
84%
1992*
Croatia
83.2%
1991*
Kyrgyzstan
83.2%
1991*
Uzbekistan
83.2%
2016
Czechia
82.4%
1991*
Armenia
82.4%
1991*
Azerbaijan
82.4%
1991*
Moldova
80.8%
1993*
Slovakia
79.2%
1980
Zimbabwe
77.6%
1989
Myanmar
72.8%
1964
Zambia
72.1%
2002
Timor-Leste
72%
1948*
Israel
71.2%
1972
Sri Lanka
70.4%
1957
Ghana
70.4%
1964
Tanzania
70.2%
1935
Iran
69.6%
Year
Country
% Correct
1979
Central African Republic
68.8%
1948*
Palestine
66.4%
1975
Benin
66.4%
1971
Bangladesh
66.4%
1990
Namibia
65.6%
1949
Thailand
64%
1966
Lesotho
64%
1966
Botswana
64%
1971
United Arab Emirates
62.5%
1960
Togo
62.4%
1920
Turkey
61.8%
1960
Mali
61.6%
1932
Iraq
61.6%
1964
Malawi
60.8%
1966
Guyana
60.8%
1974
Guinea
60.6%
1979
Guinea-Bissau
59.2%
1962*
Rwanda
59%
1984
Burkina Faso
58.4%
1962*
Burundi
58.1%
1973
Belize
57.6%
2013
Cabo Verde
56.8%
1975
Suriname
56.8%
1941
Ethiopia
56%
1946
Jordan
55.2%
1977
Djibouti
55.2%
1950
Indonesia
54.4%
1980
Vanuatu
52.8%
1978
Tuvalu
52.8%
1997
Samoa
52.8%
1989
Cambodia
52.8%
1968
Equatorial Guinea
52%
1979
Kiribati
51.2%
1975
Papua New Guinea
48%
1975
Madagascar
43.3%
Quiz Playlist
Details
Report
Send in Message
Add To Playlist
Classic:
Type in answers that appear in a list
Quiz Source
Last Updated: Feb 16, 2017
Quiz Scoreboard
CHALLENGE
Sign Up to Join the Scoreboard
Show All
Scores
Hide
Comments
May contain spoilers
Recently Published
Two Season TV Shows II
by 123Four
Television
10m
Image Sorting: Flags VI
by Barbecue
Geography
2m
Find the 'City' Movie
by crazypaving
Movies
60s
More to Explore
Quiz From the Vault
Featured Blog Post
14 Easter Pick-up Lines to Find Eggs With
hide this ad
You Might Also Like...
Tags
Country Quiz
100
Changed
name
past
Today's Top Quizzes in Geography
Browse Geography
hide this ad
Today's Top Quizzes in Country
Browse Country
Top Contributed Quizzes in Geography
1
Colored Red Europe Blitz I
2
Countries of the World - No Outlines Minefield
3
Colored Red Africa Blitz II
4
Colored Red Europe Blitz II
5
Colored Red Europe Blitz III
6
Colored Red Africa Blitz III
7
Colored Red States Blitz I
8
Colored Red States Blitz II
9
Colored Red States Blitz III
10
A Different View: World Oceans
Explore More
Trending Topics
Anime
Marvel
Kpop
Harry Potter
Disney
NBA
Crossword
NFL
Puzzle
The Office
Pokémon
Soccer
Country
Song
WWE
hide this ad
More By:
sjf6
Quiz
Plays
Rating
Category
Featured
Created
Separated Cities (Scotland)
2,570
4.85
Geography
Aug 16, 2016
Countries with new names
132
3.33
Geography
Jul 22, 2016
Unified Countries
107
1.75
Geography
Jul 22, 2016
Name all the monarchs of Scotland/Britain
80
History
Oct 13, 2016
Middle letter K countries
77
3.67
Geography
Jun 24, 2015
Go to Creator's Profile
Score Distribution
Quiz Creator Spotlight
sjf6
Follow
Send a Message
Quizzes Created
-
Created Quiz Play Count
-
More By This Creator
Popular Quizzes Today
1
Find the US States - No Outlines Minefield
2
Colored Red Africa Blitz
3
Find the 'City' Movie
4
5x2 Blitz: Bands
5
The Countries of the World
6
Find the Countries of Europe - No Outlines Minefield
7
Find the US States
8
US States
More Geography Quizzes
Districts of Austria | Bezirke Österreichs
Quiz Lab
Trending Quizzes
Colored Red Europe Blitz I
Colored Red Africa Blitz II
Colored Red Europe Blitz II
Colored Red Africa Blitz III
Colored Red Europe Blitz III
Recently Updated
How Do You Spell That?
pecheneg
Godzilla Movies
pecheneg
Grab Bag: 4-10 Letters
pecheneg
2024 March Madness Bracket
pecheneg
Famous TV Couples
Peacemaker
Champions League XIs: Real Madrid
pecheneg
Largest US Cities 1790-2010
pecheneg
Rides in Walt Disney World
pecheneg
Most Oscar Losses (Acting)
pecheneg
Beyoncé Albums
pecheneg
Trending Topics
Kpop
Crossword
Disney
NBA
Marvel
Anime
Harry Potter
Puzzle
WWE
NFL
The Office
Country
Soccer
Pokémon
Song
Your Account Isn't Verified!
In order to create a playlist on Sporcle, you need to verify the email address you used during registration. Go to your
Sporcle Settings
to finish the process.
Report this User
Report this user for behavior that violates our
Community Guidelines
.
Details:
Send Report
Go to the Sporcle.com Mobile Site →
Comments